000 00908nam a2200289Ia 4500
003 OSt
005 20220928124342.0
006 a|||||r|||| 00| 0
007 ta
008 220927b |||||||| |||| 00| 0 eng d
020 _c17316.459999999999
024 _a128823
037 _b229, 08/03/2016, N.R.Book Distributors
_cTextual
040 _aSDCL
_cSDCL
_beng
041 _2eng
_aeng
082 _aL:433, P5
100 _aMerz William G. Ed.
_9464579
245 0 _aMedical mycology
_b Topley and wilson's microbiology and microbial infections with CD
250 _a10th
260 _aLondon
_bHodder Arnold
_c2005
300 _axv;869p
_ccm.
490 _vCD
650 _aMicrobiology
700 _a Hay Roderick J. Ed.
_9464580
942 _hL:433, P5
_cTEXL
_2CC
999 _c777476
_d777476